00603nam a22001097a 4500008004100000100002700041245008100068260003400149300003400183520024200217773003400459260505b ||||| |||| 00| 0 eng d aBandopadhyay, Shrestha aRe-imagining the aged body: Care, agency, and the question of representation aEconomic & Political Weekly  a61(16), Apr 18, 2026: p.24-25 aCultures of Ageing and Ageism in India edited by Paromita Chakravarti and Kaustav Bakshi, New Delhi: Routledge, 2024; pp 269, ₹1,295 (Hardcover).-Reproduced https://www.epw.in/journal/2026/16/book-reviews/re-imagining-aged-body.html  aEconomic & Political Weekly